ბათუმის შოთა რუსთაველის სახელმწიფო უნივერსიტეტის ბიბლიოთეკა

ენათმეცნიერების შესავალი = Introduction to linguistics : (ბიბ.ჩანაწერი № 52987)

000 -ლიდერი
ფიქსირებული სიგრძის საკონტროლო ველი 01625nam a2200301Ia 4500
001 - საკონტროლო ნომერი
საკონტროლო ველი 20018
003 - საკონტროლო ნომრის იდენტიფიკატორი
საკონტროლო ველი GE_BSU
005 - ბოლო ოპერაციის თარიღი და დრო
საკონტროლო ველი 20200601143943.0
008 - ფიქსირებული სიგრძის მონაცემთა ელემენტები - ზოგადი ინფორმაცია
ფიქსირებული სიგრძის საკონტროლო ველი 181216s2008||||ge |||||||||||||| ||geo||
020 ## - წიგნის საერთაშორისო სტანდარტული ნომერი
International Standard Book Number ISBN 978-9941-13-050-2
040 ## - კატალოგიზაციის წყარო
Transcribing agency GE_BSU
041 ## - ენის კოდი
Language code of text/sound track or separate title geo
080 ## - უნივერსალური ათობითი კლასიფიკაციის ინდექსი
Universal Decimal Classification number 81'1 ჩ-69
100 ## - მთავარი ჩანაწერი - პიროვნების სახელი
Personal name ჩიქობავა, არნოლდ
9 (RLIN) 1234
245 ## - ცნობა სათაურის შესახებ
Title ენათმეცნიერების შესავალი = Introduction to linguistics :
Remainder of title [სახელმძღვ. ფილოლ. ფაკ. სტუდ.] /
Statement of responsibility, etc არნოლდ ჩიქობავა ; რედ. და წინასიტყვ. გ. კვარაცხელიასი.
264 ## - წარმოების, გამოცემის, დისტრიბუციის და სხვა ცნობები
გამოცემის, წარმოების, დისტრიბუციის... ადგილი თბილისი :
გამოცემის, წარმოების, დისტრიბუციის... სახელწოდება თბილ. უნ-ტის გამ-ბა,
გამოცემის, წარმოების, დისტრიბუციის... თარიღი 2008.
300 ## - ფიზიკური აღწერა
Extent 338 გვ. ;
Dimensions 20 სმ.
490 ## - სერიის ცნობა
Series statement (სამეცნიერო კლასიკა)
504 ## - BIBLIOGRAPHY, ETC. NOTE
Bibliography, etc ბიბლიოგრაფია ტექსტების შენიშვნებში
653 ## - INDEX TERM--UNCONTROLLED
Uncontrolled term ენათმეცნიერების შესავალი
653 ## - INDEX TERM--UNCONTROLLED
Uncontrolled term ენათმეცნიერება
700 ## - ADDED ENTRY--PERSONAL NAME
Personal name კვარაცხელია, გ.
Relator term რედაქტორი
9 (RLIN) 8268
710 ## - ADDED ENTRY--CORPORATE NAME
Corporate name or jurisdiction name as entry element ენათმეცნიერების ინსტიტუტი
9 (RLIN) 8269
710 ## - ADDED ENTRY--CORPORATE NAME
Corporate name or jurisdiction name as entry element თსუ-ს ჰუმანიტარული მეცნიერების ფაკულტეტი
9 (RLIN) 8270
710 ## - ADDED ENTRY--CORPORATE NAME
Corporate name or jurisdiction name as entry element კავკასიოლოგიის ინსტიტუტი
9 (RLIN) 8271
942 ## - ADDED ENTRY ELEMENTS (KOHA)
Koha item type წიგნი
Source of classification or shelving scheme
ეგზემპლარები
ჩამოწერის სტატუსი დაკარგული ეგზემპლარის სტატუსი კლასიფიკაციის წყარო ან თაროზე გაწყობის სქემა დაზიანების სტატუსი არ გაიცემა მუდმივი მდებარეობა (დაცვის ადგილი) ამჟამინდელი ადგილსამყოფელი თაროზე განთავსების ადგილი შეძენის თარიღი ღირებულება, შესყიდვის ნორმალური ფასი სრული შენახვის შიფრი შტრიხკოდი ბოლო ოპერაციის თარიღი ეგზემპლარის მიმდევრობითი ნომერი (კეტერი?) ფასის ძალაში შესვლის თარიღი ეგზემპლარის სახეობა საჯარო შენიშვნა
          ბათუმის შოთა რუსთაველის სახელმწიფო უნივერსიტეტის მთავარი ბიბლიოთეკა ბათუმის შოთა რუსთაველის სახელმწიფო უნივერსიტეტის მთავარი ბიბლიოთეკა წიგნსაცავი 2018-12-17 18.00 81'1 ჩ-69 52742 2018-12-17 52742 2018-12-17 წიგნი 18.00 ლ.